Szczegóły MARC21

Prognozowanie ekonomiczne : teoria, przykłady, zadania /

005 -DATA I CZAS OSTATNIEJ MODYFIKACJI [,]
    • @
    • pole kontrolne
    • 20070315155141.9
020 -Międzynarod. znormalizowany nr książki - ISBN [ , ]
    • a
    • Numer ISBN
    • 8301140437 Find
040 -Instytucja sporządzająca opis [ , ]
    • a
    • Instytucja, która sporządziła opis (NP)
    • SZCZ U
    • c
    • Instytucja, która sporządziła rekord (NP)
    • SZCZ U
041 -Język dokumentu [0, ]
    • a
    • Język tekstu (P)
    • polski
    • h
    • Język tekstu oryginalnego i/lub pośredniego (P)
    • polski
942 -Rodzaj dokumentu [ , ]
    • c
    • Rodzaj dokumentu
    • Książka
100 -Hasło główne - nazwa osobowa [ , ]
    • a
    • Nazwa osobowa (NP)
    • ZELIAŚ, ALEKSANDER
    • d
    • Daty biograficzne (NP)
    • (1939-)
245 -Strefa tytułu i oznaczenia odpowiedzialności [1, ]
    • a
    • Tytuł
    • Prognozowanie ekonomiczne : Find
    • b
    • Ciąg dalszy tytułu (NP)
    • teoria, przykłady, zadania / Find
    • c
    • Pozostałe elementy strefy tytułu i oznaczenia odpowiedzialności (NP)
    • Aleksander Zeliaś, Barbara Pawełek, Stanisław Wanat.
260 -Strefa adresu wydawniczego [ , ]
    • a
    • Miejsce wydania (P)
    • Warszawa :
    • b
    • Nazwa wydawcy (P)
    • Wydaw.Nauk.PWN,
    • c
    • Data wydania (P)
    • 2003.
300 -Strefa opisu fizycznego [ , ]
    • a
    • Określenie formy książki i/lub objętość (NP)
    • 380 s. :
    • b
    • Oznaczenie ilustracji (NP)
    • il. :
    • c
    • Format (NP)
    • 24 cm.
500 -Uwaga ogólna [ , ]
    • a
    • Uwaga ogólna (NP)
    • Bibliogr
080 -Uniwersalna Klasyfikacja Dziesiętna [ , ]
    • a
    • Symbol klasyfikacji
    • 338.27(075.8)
080 -Uniwersalna Klasyfikacja Dziesiętna [ , ]
    • a
    • Symbol klasyfikacji
    • :330.43(075.8)
980 -Symbol UKD [ , ]
    • a
    • UKD
    • 338.27:330.43](075.8)
700 -Hasło dodatkowe - nazwa osobowa [ , ]
    • a
    • Nazwa osobowa (NP)
    • Pawełek Barbara Find
700 -Hasło dodatkowe - nazwa osobowa [ , ]
    • a
    • Nazwa osobowa (NP)
    • Wanat Stanisław Find
920 -ISBN [ , ]
    • a
    • ISBN
    • 83-01-14043-7 Find
Lokalizacja Data inwentaryzacji Sygnatura Numer inwentarzowy Status udost.
BE2004-04-16 S.91078-2
BE2004-04-16 S.91079-2
BE2004-05-11 S.91139-2
BE2004-05-11 S.91140-2
BE2004-05-11 S.91141-2
BE2004-05-11 S.91142-2
BE2004-05-11 S.91143-2
T2004-01-29T.7732T.7732-2
T2004-01-29TM.2073TM.2073-3
T2004-01-29TM.2074TM.2074-3
T2004-04-14TM.2258TM.2258-3
T2004-04-14TM.2259TM.2259-3
T2004-04-14TM.2260TM.2260-3
T2004-12-06TM.2768TM.2768-3